00477nam a2200193Ia 4500008004100000020001800041050001400059100001600073245003300089245004100122260001500163260001600178260000900194300001500203300002700218300001000245440002000255500000800275170918s9999 xx 000 0 und d a9780545404624 bK655 2010 aKline, Suzy aHorrible Harry goes cuckoo / cSuzy Kline ; pictures by Amy Wummer. aNew York : bScholastic, c2010 a70 pages : bcolored illustration ; c19cm. aHorrible Harry. a530